000 00231nam a2200097Ia 4500
001 810202
005 20250826171516.0
008 250824s9999 xx 000 0 und d
245 0 _aABŞAR
_cHASAN SARI
260 _bATLIKARINCA YAYINLARI
999 _c810202
_d810202